000 00393nam a22001697a 4500
003 MPLRDC
005 20220104144229.0
008 210129b ||||| |||| 00| 0 eng d
082 _a857.7 XMY v.721
100 _a彤铮著
245 _a卖身小郎君
_c
260 _a
_b星河出版社
_c
300 _b
490 _a寻梦园系列:721
650 _a
942 _cBK
_o857.7 XMY v.721
999 _c47650
_d47640